Manorama yearbook : (Record no. 8304)

MARC details
000 -LEADER
fixed length control field 00471cam a2200193ua 4500
001 - CONTROL NUMBER
control field 9242
005 - DATE AND TIME OF LATEST TRANSACTION
control field 20260515114438.0
008 - FIXED-LENGTH DATA ELEMENTS--GENERAL INFORMATION
fixed length control field 150224n ii |||gr||||Z||||||eng
040 ## - CATALOGING SOURCE
Transcribing agency MAIN
041 ## - LANGUAGE CODE
Language code of text/sound track or separate title eng
082 ## - DEWEY DECIMAL CLASSIFICATION NUMBER
Classification number 050
100 ## - MAIN ENTRY--PERSONAL NAME
Personal name Mathew, M.,
Relator term Editor.
245 1# - TITLE STATEMENT
Title Manorama yearbook :
Remainder of title 2013 /
Statement of responsibility, etc. Edited by M. Mathew .
250 ## - EDITION STATEMENT
Edition statement 48th.
260 ## - PUBLICATION, DISTRIBUTION, ETC.
Place of publication, distribution, etc. New Delhi:
Name of publisher, distributor, etc. Malayala,
Date of publication, distribution, etc. 2013.
300 ## - PHYSICAL DESCRIPTION
Extent 1038p.
653 ## - INDEX TERM--UNCONTROLLED
Uncontrolled term General serial publications
942 ## - ADDED ENTRY ELEMENTS (KOHA)
Koha item type Books
Holdings
Withdrawn status Lost status Damaged status Not for loan Home library Current library Shelving location Date acquired Total checkouts Full call number Barcode Date last seen Copy number Price effective from Koha item type
        Naharkatiya College Library Naharkatiya College Library General stacks 09/19/2020   050 | MAN 21112 09/19/2020 1 09/19/2020 Books
        Naharkatiya College Library Naharkatiya College Library General stacks 09/19/2020   050 | MAN 21797 09/19/2020 2 09/19/2020 Books